000 00758nam a2200241Ia 4500
003 OSt
005 20220930193619.0
006 a|||||r|||| 00| 0
007 ta
008 220926b |||||||| |||| 00| 0 eng d
024 _a11732
037 _cDissertations
040 _aCRL
_cCRL
_beng
041 _2eng
_aeng
100 _aRana Shivendra Singh
_9562480
110 _aUniversity of Delhi. Faculty of Arts. Department of Psychology
_9169788
245 0 _aPatte n recongnition as a function of stimulus chromaticity & retinal locatiion.
260 _c1977
650 _aPSYCHOLOGY
700 _aUniversity of Delhi. Faculty of Arts. Department of Psychology
_9169789
942 _cDIS
_2CC
999 _c896698
_d896698